000 00415nam a2200145Ia 4500
008 100122s9999 xx 000 0 und d
082 _b6442
_a823
100 _aसाठे शं गो
245 _aऔट घटकेचे राज्य
260 _c1948
300 _a100
630 _aऔट घटकेचे राज्य
730 _aऔट घटकेचे राज्य
942 _cBOOK
999 _c399467
_d399464